| 000 | 00624nam a2200181Ia 4500 | ||
|---|---|---|---|
| 008 | 090630s9999 xx 000 0 und d | ||
| 082 | _b25432 | ||
| 100 | _aजोगळेकर जयंत. | ||
| 245 |
_aआफ्रिकन सफरी. _cजोगळेकर जयंत. |
||
| 260 |
_bसाकार - औरंगाबाद. _c2006 |
||
| 300 | _a136 | ||
| 600 | _aजोगळेकर जयंत. | ||
| 630 | _aआफ्रिकन सफरी. | ||
| 655 | _aप्रवास. | ||
| 700 | _aजोगळेकर जयंत. | ||
| 730 | _aआफ्रिकन सफरी. | ||
| 942 | _cBOOK | ||
| 999 |
_c277288 _d277288 |
||